000 01160nam a2200337 i 4500
003 EG-GICUC
005 20260121101217.0
008 251113s1967 fr d|||f |||| 001 0 fre d
040 _aEG-GiCUC
_bfre
_cEG-GiCUC
_dEG-GiCUC
_eRda
041 0 _afre
082 0 4 _221
_a338.9
_bBA . P
092 0 4 _221
099 _aLaw1 13 338.9 BA . P 1967
100 1 _aBabeau, André
_eAuteur
245 1 0 _aProblèmes Techniques De Planification \
_cAndré Babeau, Pierre-henri Derycke, Pierre Bauchet.
264 _aParis :
_bÉditions Sirey,
_c1967.
300 _a508 page :
_billustration ; des tableaux et des graphiques.
_c 24 cm.
336 _2rda contenu
_a texte
337 _2rda medias
_aOrdinateur
338 _2 transporteur rda
_a Ressource en ligne
490 _aL'économique ;
_vN° 1
500 _aComprend un index.
546 _aTexte en français
650 1 _aFinances publiques et législation fiscale
_2qrmak
651 1 _2qrmak
700 1 _aDerycke, Pierre-henri
_eCo-Auteur
700 1 _aBauchet, Pierre
_ePréfacier
856 4 0 _uhttps://fll.law.cu.edu.eg/fulltext/bks/B13-07532.pdf
905 _a70
942 _2ddc
_cBK
_e21
_n0
999 _c42999
_d42999